000
00248nam a22001097a 4500
082
_a
355.02 CHU'E
100
_a
CHUIKOV, VASILI I
_9
79413
245
_a
THE END OF THE THIRD REICH
260
_a
LONDON
_b
PANTHER
_c
1967
300
_a
251P
942
_c
BK
999
_c
584457
_d
584457